Viaje a mallorca /
Guardado en:
| Autor Principal: | |
|---|---|
| Formato: | Libro |
| Publicado: |
España :
Espasa Calpe,
1933
|
| Materias: | |
| Etiquetas: |
Agregar Etiqueta
Sin Etiquetas, Sea el primero en etiquetar este registro!
|
| LEADER | 00501nam a22001815a 4500 | ||
|---|---|---|---|
| 001 | CEM.cems005728 | ||
| 005 | 20060214000000.0 | ||
| 008 | 130507s1933##################000#0#####d | ||
| 003 | CEMS | ||
| 082 | 0 | 4 | |a 868.6 |
| 100 | 1 | |a Salaverría, José María | |
| 245 | 1 | 0 | |a Viaje a mallorca / |
| 260 | |a España : |b Espasa Calpe, |c 1933 | ||
| 300 | |a 147 p. | ||
| 653 | |a Cuento español-siglo 20 | ||
| 653 | |a Literatura | ||
| 653 | |a Literatura española | ||
| 859 | |a CEMS |b BIB. CEMS - 11 de abril |h 868.6 |i Sa31 |p 10166.81 |t Ej.1 | ||
